100 Biggest Cities starting with D - Statistics

General Stats
  • This quiz has been taken 133 times
  • The average score is 29 of 100
Answer Stats
Population Country City % Correct
10,927,986 India Delhi
99%
10,356,500 Bangladesh Dhaka
94%
2,476,400 Senegal Dakar
92%
1,137,347 United Arab Emirates Dubai
92%
1,024,027 Ireland Dublin
92%
2,698,652 Tanzania Dar es Salaam
91%
1,569,394 Syria Damascus
90%
3,120,282 South Africa Durban
89%
1,300,092 United States Dallas
84%
573,057 Germany Düsseldorf
81%
344,939 Qatar Doha
80%
682,545 United States Denver
79%
623,891 Djibouti Djibouti
79%
1,024,700 Ukraine Donetsk
79%
486,854 Germany Dresden
76%
679,400 Tajikistan Dushanbe
76%
1,032,822 Ukraine Dnipro
75%
677,116 United States Detroit
74%
588,462 Germany Dortmund
71%
180,541 Tanzania Dodoma
68%
1,338,082 Cameroon Douala
68%
2,566,540 South Korea Daegu
67%
150,000 East Timor Dili
66%
752,493 Vietnam Da Nang
64%
4,087,733 China Dalian
59%
1,212,504 Philippines Davao
52%
768,602 Saudi Arabia Dammam
50%
270,468 United Kingdom Derby
50%
504,358 Germany Duisburg
50%
204,124 Hungary Debrecen
48%
149,782 France Dijon
47%
147,710 United Kingdom Dundee
43%
834,881 Indonesia Denpasar
41%
257,636 United States Durham
41%
8,000,000 China Dongguan
40%
1,475,221 South Korea Daejeon
39%
210,330 United States Des Moines
32%
140,599 United States Dayton
30%
140,385 Germany Darmstadt
27%
158,141 United Kingdom Doncaster
27%
644,763 Turkey Diyarbakir
25%
1,052,678 China Datong
18%
203,488 China Daqing
16%
252,279 Ethiopia Dire Dawa
15%
313,238 Turkey Denizli
11%
219,636 India Dhanbad
11%
1,198,129 Indonesia Depok
10%
379,555 China Dezhou
9%
818,329 Brazil Duque de Caxias
9%
199,059 United Kingdom Dudley
7%
233,126 Russia Dzerzhinsk
7%
197,000 Vietnam Da Lat
5%
631,973 China Dandong
5%
522,081 India Dehra Dun
5%
152,194 China Deyang
5%
255,283 India Durg
5%
518,872 India Durgapur
5%
185,400 Ireland Dun Laoghaire
4%
2,000,000 China Dadonghai
3%
139,784 Pakistan Dadu
3%
166,500 Turkmenistan Dasoguz
3%
136,783 Myanmar Dawei
3%
219,827 Sri Lanka Dehiwala-Mount Lavinia
3%
242,565 Syria Deir ez-Zor
3%
236,093 Pakistan Dera Ghazi Khan
3%
136,056 Ethiopia Dese
3%
261,218 India Dewas
3%
390,633 Brazil Diadema
3%
152,934 China Dingzhou
3%
193,832 Brazil Divinopolis
3%
154,265 Algeria Djelfa
3%
162,202 Brazil Dourados
3%
143,760 Indonesia Dumai
3%
148,844 China Dunhua
3%
171,271 Philippines Dagupan
2%
215,652 Ivory Coast Daloa
2%
227,943 Egypt Damanhur
2%
287,150 India Darbhanga
2%
160,114 Yemen Dhamar
2%
366,980 India Dhulia
2%
135,860 India Dimapur
2%
200,797 India Dindigul
2%
187,007 Austria Donaustadt
2%
188,602 China Donghai
2%
461,513 China Dadukou
1%
210,411 China Daliang
1%
441,876 Philippines Dasmarinas
1%
435,128 India Davangere
1%
165,656 United States Deer Valley
1%
160,491 Mexico Delegacion Cuajimalpa de Morelos
1%
350,000 South Africa Diepsloot
1%
227,293 Cuba Diez de Octubre
1%
284,000 Iraq Dihok
1%
137,542 Egypt Dikirnis
1%
206,234 Bangladesh Dinajpur
1%
152,940 India Dinapore
1%
237,040 Benin Djougou
1%
1,193,000 India Dombivli
1%
171,454 China Dongling
1%
179,583 Colombia Dosquebradas
1%
No matching quizzes found
Score Distribution
Percent of People with Each Score
Percentile by Number Answered
Your Score History
You have not taken this quiz